Večiti derbi: Crvena Zvezda-Partizan - Statistics

General Stats
  • This quiz has been taken 464 times
  • The average score is 13 of 26
Answer Stats
Klub Odgovor % Correct
Crvena Zvezda Navijači Crvene Zvezde Delije
96%
Crvena Zvezda Nadimak stadiona Crvene Zvezde Marakana
95%
Partizan Navijaci Partizana Grobari
80%
Crvena Zvezda Prva „Zvezdina zvezda“ Rajko Mitić
73%
Partizan Nekadašnje ime stadiona Partizana JNA
71%
Partizan Godina osnivanja Partizana 1945
68%
Crvena Zvezda Protivnik C.Zvezde u finalu Kupa evropskih šampiona 1991 Olimpique de Marseille
67%
Crvena Zvezda Peta „Zvezdina zvezda“ Dragan Stojković
60%
Crvena Zvezda ”Zlatna kopačka Evrope” u sezoni 1990/91 sa 34 gola Darko Pančev
59%
Crvena Zvezda Protivnik C.Zvezde u finalu Interkontinentalnog kupa 1991 Colo-Colo
56%
Crvena Zvezda Treća „Zvezdina zvezda“ Dragan Džajić
55%
Partizan Protivinik Partizana u finalu Kupa evropskih šampiona 1966 Real Madrid
55%
Partizan Najveća pobeda Partizana protiv Crvene Zvezde 7-1
54%
Partizan Fudbaler koji je poginuo saobraćajnoj nesreći 3. septembra 1985 Dragan Mance
52%
Crvena Zvezda Druga „Zvezdina zvezda“ Dragoslav Šekularac
50%
Crvena Zvezda Najveća pobeda Crvene Zvezde protiv Partizana 6-0
48%
Partizan Rekorder Partizana po broju nastupa Saša Ilić
48%
Partizan Nadimak koji je Partizan dobio 1953. godine nakon rekordne pobede nad Crvenom zvezdom Parni valjak
38%
Crvena Zvezda Golman i kapiten C.Zvezde u finalu Kupa evropskih šampiona 1991 Stevan Stojanović
35%
Crvena Zvezda Četvrta „Zvezdina zvezda“ Vladimir Petrović
35%
Crvena Zvezda Najbolji strelac u istoriji Crvene Zvezde sa 230 golova Bora Kostić
26%
Partizan Fudbaler koji je prešao iz C.Zvezde u Partizan u leto 1986 Milko Đurovski
26%
Partizan Prvi trener koji je uveo Partizan u UEFA Ligu šampiona Lothar Matthäus
25%
Partizan Najbolji strelac u istoriji Partizana sa 425 golova Stjepan Bobek
25%
Partizan Najuspešniji trener u istoriji Partizana Ljubiša Tumbaković
19%
Partizan Golman i kapiten Partizana u finalu Kupa evropskih šampiona 1966 Milutin Šoškić
15%
No matching quizzes found
Score Distribution
Percent of People with Each Score
Percentile by Number Answered
Your Score History
You have not taken this quiz